00486 2200181 4500001002100000005001500021008004100036020001800077035001900095041000700114082000800121090001400129100002400143245006100167250001000228260004200238300002400280INLIS00000000002404720241224131632241224||||||||| | ||| |||| || |  a979-666-138-1 0010-1224024047 aid0 a819 a819 RAM m0 aKorrie Layun Rampan00aManusia langit (kumpulan cerita rakyat kalimantan timur) aCet.1 akalimantan timurbbalai pustakac1997 a64hlm,; 14cm x 20cm